[Event "IRI-chT 16th"]
[Site "Sari"]
[Date "2017.10.20"]
[Round "11.6"]
[White "Asgarizadeh, Ahmad"]
[Black "Mojaverian, Hossein"]
[Result "1/2-1/2"]
[WhiteElo "2415"]
[BlackElo "2110"]
[PlyCount "111"]
[EventDate "2017.09.13"]
[EventType "team-swiss"]
[EventRounds "11"]
[EventCountry "IRI"]
[SourceTitle "EXT 2019"]
[Source "ChessBase"]
[SourceDate "2018.10.10"]
[SourceVersion "1"]
[SourceVersionDate "2018.10.10"]
[SourceQuality "1"]
[WhiteTeam "Tabriz Shahrdari"]
[BlackTeam "Ardabil"]
[WhiteTeamCountry "IRI"]
[BlackTeamCountry "IRI"]

1. e4 c5 2. Nf3 e6 3. d4 cxd4 4. Nxd4 Nc6 5. Nc3 Qc7 6. Be3 a6 7. Be2 Nf6 8. 0-0 Bb4 9. Na4 Be7 10. Nxc6 bxc6 11. Nb6 Rb8 12. Nxc8 Qxc8 13. Bd4 c5 14. Be5 Rb6 15. Qd3 d6 16. Bc3 0-0 17. b3 Qc6 18. Bf3 Nd7 19. Qe3 c4 20. Be2 Bf6 21. Bxf6 Nxf6 22. Bxc4 Nxe4 23. Bd3 Nc3 24. a3 a5 25. Kh1 Nd5 26. Qh3 Nf6 27. Rae1 Qc5 28. a4 h6 29. f4 Re8 30. Re2 Rb4 31. Bb5 Rd8 32. c4 d5 33. Rd1 Qc7 34. Qe3 Ng4 35. Qg3 dxc4 36. Rxd8+ Qxd8 37. Bxc4 Rb6 38. h3 Nf6 39. Qf3 Rd6 40. Re1 Rd2 41. f5 exf5 42. Qxf5 Rd1 43. Qf1 Rxe1 44. Qxe1 Qc7 45. Qe3 Qd6 46. Bd3 g6 47. Bc4 Kg7 48. Qf3 Qe5 49. Qb7 Qe1+ 50. Kh2 Qe5+ 51. g3 Qb2+ 52. Qg2 Qe5 53. Qb7 Qb2+ 54. Qg2 Qe5 55. Qb7 Qb2+ 56. Qg2 1/2-1/2

[Event "Hamedan op"]
[Site "Hamedan"]
[Date "2017.08.16"]
[Round "7"]
[White "Bagheri, Maziar"]
[Black "Mojaverian, Hossein"]
[Result "1-0"]
[WhiteElo "2313"]
[BlackElo "2165"]
[PlyCount "92"]
[EventDate "2017.08.12"]
[EventType "swiss"]
[EventRounds "11"]
[EventCountry "IRI"]
[SourceTitle "CBM 180 Extra"]
[Source "ChessBase"]
[SourceDate "2017.10.06"]
[SourceVersion "1"]
[SourceVersionDate "2017.10.06"]
[SourceQuality "1"]

1. Nf3 Nf6 2. c4 e6 3. d4 Bb4+ 4. Nbd2 b6 5. a3 Bxd2+ 6. Qxd2 Bb7 7. e3 d6 8. Be2 Nbd7 9. 0-0 0-0 10. b4 Ne4 11. Qc2 f5 12. Bb2 Rf6 13. d5 Rg6 14. Rad1 e5 15. Bd3 c6 16. Bxe4 fxe4 17. Qxe4 Nf6 18. Qb1 cxd5 19. cxd5 Qd7 20. Bxe5 dxe5 21. Nxe5 Qe8 22. Nxg6 hxg6 23. d6 Kh7 24. Rd4 Qe5 25. Qd3 Be4 26. Qe2 Rd8 27. Rfd1 g5 28. f3 Bb7 29. Qd3+ g6 30. Rc1 Ba6 31. Rc7+ Kh6 32. Qd2 g4 33. f4 Qb5 34. Qe1 g3 35. e4 gxh2+ 36. Kxh2 Qh5+ 37. Kg1 Qg4 38. Qe3 Nh5 39. e5 Qf5 40. e6 Qb5 41. Rc1 Nf6 42. e7 Re8 43. f5+ Kg7 44. fxg6 Qh5 45. d7 Rh8 46. Qh3 Nd5 1-0

[Event "Arak op 15th"]
[Site "Arak"]
[Date "2016.08.16"]
[Round "8"]
[White "Rezaei Abari, Farzin"]
[Black "Mojaverian, Hossein"]
[Result "0-1"]
[WhiteElo "1964"]
[BlackElo "2153"]
[PlyCount "44"]
[EventDate "2016.08.11"]
[EventType "swiss"]
[EventRounds "11"]
[EventCountry "IRI"]
[SourceTitle "CBM 173 Extra"]
[Source "ChessBase"]
[SourceDate "2016.08.29"]
[SourceVersion "1"]
[SourceVersionDate "2016.08.29"]
[SourceQuality "1"]

1. e4 e6 2. d4 d5 3. Nc3 Bb4 4. e5 Ne7 5. Bd2 0-0 6. Bd3 c5 7. dxc5 Nbc6 8. Nf3 h6 9. Qe2 Bxc5 10. 0-0-0 Nb4 11. g4 Bd7 12. h4 Qa5 13. a3 Nxd3+ 14. cxd3 Rfc8 15. Kb1 Qb6 16. Ka1 Qb3 17. Rc1 d4 18. Ne4 Bxa3 19. bxa3 Qxa3+ 20. Kb1 Bb5 21. Ne1 Nd5 22. Rxc8+ Rxc8 0-1

[Event "IRI Cities-chT"]
[Site "Esfahan"]
[Date "2016.05.12"]
[Round "2.2"]
[White "Mojaverian, Hossein"]
[Black "Pourhassan, Kourosh"]
[Result "1-0"]
[WhiteElo "2135"]
[BlackElo "1917"]
[PlyCount "120"]
[EventDate "2016.05.11"]
[EventType "team-swiss"]
[EventRounds "7"]
[EventCountry "IRI"]
[SourceTitle "CBM 172 Extra"]
[Source "ChessBase"]
[SourceDate "2016.06.21"]
[SourceVersion "1"]
[SourceVersionDate "2016.06.21"]
[SourceQuality "1"]
[WhiteTeam "Ardabil"]
[BlackTeam "Larestan"]
[WhiteTeamCountry "IRI"]
[BlackTeamCountry "IRI"]

1. d4 d5 2. Nf3 c6 3. Bf4 Nf6 4. e3 Bf5 5. c4 e6 6. Qb3 Qb6 7. c5 Qxb3 8. axb3 Bxb1 9. Rxb1 Nbd7 10. h3 Be7 11. b4 a6 12. Nd2 0-0 13. Bd3 Nh5 14. Bh2 g6 15. 0-0 Rac8 16. Ra1 Ng7 17. Nb3 Bd8 18. f3 Bc7 19. e4 Bxh2+ 20. Kxh2 Nf6 21. g4 Rfd8 22. e5 Nfe8 23. f4 Nc7 24. Rf2 Rf8 25. f5 exf5 26. gxf5 gxf5 27. Bxf5 Nxf5 28. Rxf5 Ne6 29. Rg1+ Kh8 30. Rg4 Rc7 31. Kg3 Rg8 32. Rxg8+ Kxg8 33. Kf3 Kg7 34. Ke3 Kg6 35. Rf6+ Kg7 36. Nd2 Rc8 37. Nf3 Rg8 38. Nh4 Kf8 39. Nf5 Rg6 40. Nd6 Nd8 41. Rf4 Rg3+ 42. Kd2 Rg2+ 43. Kc3 Rg3+ 44. Kc2 Kg8 45. h4 Rg6 46. Kc3 Rg3+ 47. Kd2 Rg2+ 48. Kc1 Re2 49. Kb1 Re1+ 50. Ka2 Re3 51. h5 Rh3 52. Ne8 Rg3 53. Nd6 Rh3 54. Nxf7 Nxf7 55. e6 Re3 56. Rxf7 Rxe6 57. Rxb7 Re4 58. Rc7 Rxd4 59. Kb3 Rh4 60. Rxc6 a5 1-0

[Event "IRI-ch"]
[Site "Mashhad"]
[Date "2015.01.25"]
[Round "8"]
[White "Hamidi, Amir Mohammad"]
[Black "Mojaverian, Hossein"]
[Result "1-0"]
[WhiteElo "1963"]
[BlackElo "2148"]
[PlyCount "93"]
[EventDate "2015.01.20"]
[EventType "swiss"]
[EventRounds "11"]
[EventCountry "IRI"]
[SourceTitle "CBM 164 Extra"]
[Source "ChessBase"]
[SourceDate "2015.03.02"]
[SourceVersion "1"]
[SourceVersionDate "2015.03.02"]
[SourceQuality "1"]

1. c4 Nf6 2. d4 g6 3. Nc3 Bg7 4. e4 d6 5. f3 c6 6. Be3 Nbd7 7. Qd2 a6 8. Nge2 b5 9. d5 c5 10. cxb5 Ne5 11. Nc1 0-0 12. Be2 axb5 13. Nxb5 Ba6 14. 0-0 Qd7 15. a4 c4 16. Nc3 Qc7 17. f4 Ned7 18. Bd4 Rfb8 19. Ra2 Rb7 20. Bf3 Nc5 21. Qe3 Nb3 22. Nxb3 cxb3 23. Raa1 Bxf1 24. Kxf1 Nd7 25. Be2 Rb4 26. Bxg7 Kxg7 27. Bb5 Nc5 28. Kf2 Kg8 29. Rd1 Rf8 30. Kf3 f5 31. e5 Ne4 32. e6 Rc8 33. Bc6 Rcb8 34. Rc1 Qa5 35. Ne2 Nf6 36. Nc3 Ng4 37. Qg1 Rc4 38. h3 Nf6 39. g4 fxg4+ 40. hxg4 Rbb4 41. Ne2 Nxd5 42. Rxc4 Rxc4 43. Bb5 Rc2 44. Qd4 Qd2 45. Qa7 Rxb2 46. Bc4 Nxf4 47. Qxe7 1-0

[Event "IRI-ch"]
[Site "Mashhad"]
[Date "2015.01.21"]
[Round "2"]
[White "Mojaverian, Hossein"]
[Black "Toufighi, Homayoon"]
[Result "0-1"]
[WhiteElo "2148"]
[BlackElo "2429"]
[PlyCount "114"]
[EventDate "2015.01.20"]
[EventType "swiss"]
[EventRounds "11"]
[EventCountry "IRI"]
[SourceTitle "CBM 164 Extra"]
[Source "ChessBase"]
[SourceDate "2015.03.02"]
[SourceVersion "1"]
[SourceVersionDate "2015.03.02"]
[SourceQuality "1"]

1. e4 e6 2. d4 d5 3. Nd2 Nf6 4. Bd3 c5 5. c3 cxd4 6. cxd4 Nc6 7. Ngf3 Qb6 8. 0-0 Nxd4 9. exd5 Nxf3+ 10. Qxf3 Nxd5 11. Nc4 Qc7 12. Re1 Be7 13. Ne5 0-0 14. Qh3 f5 15. Bd2 Bf6 16. Rac1 Qd6 17. f4 Bd7 18. Kh1 Rac8 19. Rcd1 Bxe5 20. Rxe5 Nf6 21. Qg3 Ng4 22. Re2 Ba4 23. b3 Rfd8 24. Be1 Bb5 25. Red2 Bxd3 26. Rxd3 Qe7 27. h3 Rxd3 28. Qxd3 Nf6 29. Bh4 h6 30. Bxf6 Qxf6 31. Qd7 Rc2 32. Qe8+ Kh7 33. Rd8 Rc7 34. Qg8+ Kg6 35. Rd3 Qe7 36. Rg3+ Kf6 37. Kh2 Rd7 38. Qh7 Qf7 39. Qh8 Qe7 40. Qh7 Qe8 41. a4 b6 42. Kh1 Re7 43. Kh2 Qf7 44. Kh1 e5 45. fxe5+ Rxe5 46. Kh2 Re8 47. Kh1 a6 48. Kh2 b5 49. axb5 axb5 50. Rf3 Re5 51. Rg3 Re7 52. Kh1 Re8 53. Kh2 h5 54. Rf3 Re5 55. h4 Rd5 56. Rg3 Rd4 57. Kh3 Rxh4+ 0-1

[Event "IRI-ch"]
[Site "Mashhad"]
[Date "2015.01.21"]
[Round "3"]
[White "Tahbaz, Arash"]
[Black "Mojaverian, Hossein"]
[Result "1-0"]
[WhiteElo "2196"]
[BlackElo "2148"]
[PlyCount "77"]
[EventDate "2015.01.20"]
[EventType "swiss"]
[EventRounds "11"]
[EventCountry "IRI"]
[SourceTitle "CBM 164 Extra"]
[Source "ChessBase"]
[SourceDate "2015.03.02"]
[SourceVersion "1"]
[SourceVersionDate "2015.03.02"]
[SourceQuality "1"]

1. e4 e5 2. Nf3 Nc6 3. Bb5 Nf6 4. 0-0 Nxe4 5. d4 Nd6 6. Bxc6 dxc6 7. dxe5 Nf5 8. Qxd8+ Kxd8 9. Nc3 Bd7 10. b3 h6 11. Bb2 Kc8 12. Rad1 b6 13. Rd3 Be6 14. Ne2 c5 15. c4 Ne7 16. Nf4 Bf5 17. Rd2 Rg8 18. Re1 g5 19. Nh5 Nc6 20. Nf6 Rg6 21. g4 Be6 22. h4 Be7 23. h5 Rg7 24. Kg2 Bxf6 25. exf6 Rg8 26. Rxe6 fxe6 27. f7 Rf8 28. Bg7 Rxf7 29. Bxh6 Kb7 30. Nxg5 Rf4 31. Kg3 Rd4 32. Nf3 Re4 33. Bg7 Ne7 34. h6 Ng6 35. h7 Re8 36. Nh4 Nh8 37. Bxh8 Rxh8 38. Rd7 Rd4 39. Rg7 1-0

[Event "Tehran Behin Cup 2nd"]
[Site "Tehran"]
[Date "2014.11.22"]
[Round "9"]
[White "Mojaverian, Hossein"]
[Black "Mahjoob, Morteza"]
[Result "1-0"]
[WhiteElo "2136"]
[BlackElo "2412"]
[PlyCount "160"]
[EventDate "2014.11.15"]
[EventType "swiss"]
[EventRounds "9"]
[EventCountry "IRI"]
[SourceTitle "CBM 163 Extra"]
[Source "ChessBase"]
[SourceDate "2014.12.23"]
[SourceVersion "1"]
[SourceVersionDate "2014.12.23"]
[SourceQuality "1"]

1. d4 g6 2. e4 Bg7 3. Nc3 c6 4. Be3 d5 5. Qd2 dxe4 6. Nxe4 Nd7 7. Bc4 Ngf6 8. Nxf6+ Nxf6 9. Nf3 Ne4 10. Qe2 Qa5+ 11. c3 Nd6 12. Bb3 Bg4 13. Bf4 0-0 14. 0-0-0 Qf5 15. Qe3 a5 16. h3 Bxf3 17. Qxf3 a4 18. Bc2 Qa5 19. a3 Nc4 20. Qe2 Qd5 21. Be4 Qe6 22. Bd3 Qxe2 23. Bxe2 Nb6 24. Rhe1 Nd5 25. Bg3 b5 26. Bf3 e6 27. Be5 Bh6+ 28. Kc2 Rfd8 29. h4 Rd7 30. Rh1 Rf8 31. Rhe1 Rc8 32. Be2 Bf8 33. Rh1 Be7 34. Rh3 f6 35. Bg3 Kf7 36. Rhh1 Bd6 37. Bxd6 Rxd6 38. g3 Rcd8 39. Rhe1 Re8 40. Bf3 Nb6 41. Be2 Ke7 42. Bd3 Kf7 43. Re2 Red8 44. Ree1 Nd7 45. f4 f5 46. Be2 Kf6 47. Bd3 h6 48. Rh1 Nb6 49. Be2 Nd5 50. Kc1 Rg8 51. Bf3 Ne7 52. Kd2 Rg7 53. Ke3 Nc8 54. Be2 Nb6 55. Bd3 Rd8 56. Rdg1 Ke7 57. Be2 Rdg8 58. Rh3 Kd6 59. Rgh1 Nd5+ 60. Kf2 g5 61. hxg5 hxg5 62. fxg5 Rxg5 63. R1h2 R8g6 64. Bf3 Nf6 65. Rh1 Ng4+ 66. Ke2 Nf6 67. Kf2 Nd5 68. Rd1 Nb6 69. Rd2 Nc4 70. Re2 c5 71. Rc2 Rg7 72. Re2 R5g6 73. Rc2 Rg8 74. Re2 R8g7 75. Rc2 Kc7 76. dxc5 Ne5 77. Re2 Nd3+ 78. Ke3 Nxc5 79. Kf4 Nd3+ 80. Ke3 Rxg3 1-0